Within white-washed walls and oh doctor! : (Record no. 6346)
[ view plain ]
| 000 -LEADER | |
|---|---|
| fixed length control field | 00588nam a22001697a 4500 |
| 003 - CONTROL NUMBER IDENTIFIER | |
| control field | OSt |
| 005 - DATE AND TIME OF LATEST TRANSACTION | |
| control field | 20251126090056.0 |
| 008 - FIXED-LENGTH DATA ELEMENTS--GENERAL INFORMATION | |
| fixed length control field | 251126b |||||||| |||| 00| 0 eng d |
| 040 ## - CATALOGING SOURCE | |
| Original cataloging agency | DWC-Main Lib. |
| Transcribing agency | OC |
| 082 ## - DEWEY DECIMAL CLASSIFICATION NUMBER | |
| Classification number | SC. 808.81 S161w 2011 |
| 100 ## - MAIN ENTRY--PERSONAL NAME | |
| Personal name | Salazar, Rodrigo E. |
| 245 ## - TITLE STATEMENT | |
| Title | Within white-washed walls and oh doctor! : |
| Remainder of title | a treasured collection of the poems of the late Dr. Rodrigo E. Salazar/ |
| Statement of responsibility, etc. | Rodrigo E. Salazar |
| 260 ## - PUBLICATION, DISTRIBUTION, ETC. | |
| Place of publication, distribution, etc. | [Legazpi City] : |
| Name of publisher, distributor, etc. | Roderick R. C. Salazar III, |
| Date of publication, distribution, etc. | c2011. |
| 300 ## - PHYSICAL DESCRIPTION | |
| Extent | 73 p. ; |
| Dimensions | 22 cm. |
| 650 ## - SUBJECT ADDED ENTRY--TOPICAL TERM | |
| Topical term or geographic name entry element | 1. Poetry-collections. |
| 942 ## - ADDED ENTRY ELEMENTS (KOHA) | |
| Source of classification or shelving scheme | Dewey Decimal Classification |
| Koha item type | Special Collection |
| Call number prefix | SC. |
| Suppress in OPAC | No |
| 952 ## - LOCATION AND ITEM INFORMATION (KOHA) | |
| -- | |
| 952 ## - LOCATION AND ITEM INFORMATION (KOHA) | |
| -- | |
| 952 ## - LOCATION AND ITEM INFORMATION (KOHA) | |
| -- | |
| 952 ## - LOCATION AND ITEM INFORMATION (KOHA) | |
| -- | |
| Withdrawn status | Lost status | Source of classification or shelving scheme | Damaged status | Not for loan | Home library | Current library | Shelving location | Date acquired | Source of acquisition | Total Checkouts | Full call number | Barcode | Date last seen | Copy number | Price effective from | Koha item type | Uniform Resource Identifier |
|---|---|---|---|---|---|---|---|---|---|---|---|---|---|---|---|---|---|
| Dewey Decimal Classification | College Library | College Library | Special Collection | 01/10/2012 | School Fund | SC. 808.81 S161w 2011 | CL49052 | 11/26/2025 | C1 | 11/26/2025 | SC | ||||||
| Dewey Decimal Classification | College Library | College Library | Special Collection | 01/10/2012 | School Fund | SC. 808.81 S161w 2011 | CL49053 | 11/26/2025 | C2 | 11/26/2025 | SC | ||||||
| Dewey Decimal Classification | College Library | College Library | Special Collection | 01/10/2012 | School Fund | SC. 808.81 S161w 2011 | CL49054 | 11/26/2025 | C3 | 11/26/2025 | SC | ||||||
| Dewey Decimal Classification | College Library | College Library | Special Collection | 08/24/2012 | SC. 808.81 S161w 2011 | CL49517 | 11/26/2025 | C4 | 11/26/2025 | SC |